Normal view
MARC view
Entry Uniform Title
001 - CONTROL NUMBER
- control field: 53484
003 - CONTROL NUMBER IDENTIFIER
- control field: dpl
005 - DATE AND TIME OF LATEST TRANSACTION
- control field: 20121101112141.0
008 - FIXED-LENGTH DATA ELEMENTS
- fixed length control field: 121101|||a|||||| | ||| d
040 ## - CATALOGING SOURCE
- Original cataloging agency: dpl
- Transcribing agency: dpl
130 ## - HEADING--UNIFORM TITLE
- Uniform title: Briefcase books
670 ## - SOURCE DATA FOUND
- Source citation: Work cat.: (dpl)0: Cook, Marshall J. 1944- 53483, Effective coaching /, 2012
670 ## - SOURCE DATA FOUND
- Source citation: Work cat.: (dpl)0: Cook, Marshall J. 1944- 53483, Effective coaching /, 2012
